Faculty of Law Library — Cairo University

Official Online Catalog

احكام عقود شركات قطاع الاعمال العام : (Record no. 74210)

MARC details
000 -LEADER
fixed length control field 01376nam a2200313 i 4500
003 - CONTROL NUMBER IDENTIFIER
control field EG-GICUC
005 - DATE AND TIME OF LATEST TRANSACTION
control field 20260429132320.0
008 - FIXED-LENGTH DATA ELEMENTS--GENERAL INFORMATION
fixed length control field 260429s2008 ua ||||fr|||| 00| 0 ara d
017 ## - COPYRIGHT OR LEGAL DEPOSIT NUMBER
Copyright or legal deposit number 13624/2007
Date 2008
020 ## - INTERNATIONAL STANDARD BOOK NUMBER
International Standard Book Number 978-977-03-1556-4
040 ## - CATALOGING SOURCE
Original cataloging agency EG-GICUC
Language of cataloging ara
Transcribing agency EG-GICUC
Modifying agency EG-GICUC
Description conventions rda
041 ## - LANGUAGE CODE
Language code of text/sound track or separate title ara
Language code of original ara
082 04 - DEWEY DECIMAL CLASSIFICATION NUMBER
Edition number 21
Classification number 345.455
Item number ا ح . ا
092 04 - LOCALLY ASSIGNED DEWEY CALL NUMBER (OCLC)
Edition number 21
099 ## - LOCAL FREE-TEXT CALL NUMBER (OCLC)
Classification number Law1 07 345.455 ا ح . ا 2008
100 1# - MAIN ENTRY--PERSONAL NAME
Personal name احمد محمد جمعه
Relator term مؤلف.
245 10 - TITLE STATEMENT
Title احكام عقود شركات قطاع الاعمال العام :
Remainder of title بالمقارنه باحكام قانون تنظيم المناقصات والمزايدات الجديد الصادر بالقانون رقم 89 لسنه 1998 طبقا لاحداث التعديلات واحكام القضاء /
Statement of responsibility, etc. احمد محمد جمعه.
264 #1 - PRODUCTION, PUBLICATION, DISTRIBUTION, MANUFACTURE, AND COPYRIGHT NOTICE
Place of production, publication, distribution, manufacture الاسكندرايه :
Name of producer, publisher, distributor, manufacturer منشاه المعارف,
Date of production, publication, distribution, manufacture, or copyright notice 2008.
300 ## - PHYSICAL DESCRIPTION
Extent 225صفحة
Other physical details إيضاحيات، صور، مثيليات ؛
Dimensions 24 سم
336 ## - CONTENT TYPE
Source rda content
Content type term text
337 ## - MEDIA TYPE
Source rda media
Media type term Computer
338 ## - CARRIER TYPE
Source rda carrier
Carrier type term Online Resource
546 ## - LANGUAGE NOTE
Language note النص باللغة العربية
650 14 - SUBJECT ADDED ENTRY--TOPICAL TERM
Topical term or geographic name entry element النظام القانوني للعاملين بالقطاع العام
Source of heading or term qrmak
651 1# - SUBJECT ADDED ENTRY--GEOGRAPHIC NAME
Source of heading or term qrmak
856 40 - ELECTRONIC LOCATION AND ACCESS
Uniform Resource Identifier <a href="https://fll.law.cu.edu.eg/B07-02610/bks/test.pdf">https://fll.law.cu.edu.eg/B07-02610/bks/test.pdf</a>
905 ## - Cataloger and Reviser Names
Cataloger Name: Omnia Hany
942 ## - ADDED ENTRY ELEMENTS (KOHA)
Source of classification or shelving scheme Dewey Decimal Classification
Koha item type Books
Edition 21
Suppress in OPAC No
Holdings
Withdrawn status Lost status Source of classification or shelving scheme Damaged status Not for loan Collection Home library Current library Date acquired Total checkouts Full call number Barcode Date last seen Copy number Price effective from Koha item type
    Dewey Decimal Classification   Added to bundle القانون الإداري جــــامعة القــاهرة مكتبة كلية الحقوق - المبنى الرئيسي 29.04.2026   Law1 07 345.455 ا ح . ا 2008 0702610 C1 B07-02610 29.04.2026 1 29.04.2026 Books
    Dewey Decimal Classification     القانون الإداري جــــامعة القــاهرة مكتبة كلية الحقوق - المبنى الرئيسي 29.04.2026   Law1 07 345.455 ا ح . ا 2008 0702611 C2 B07-02611 29.04.2026 2 29.04.2026 Books

© All rights reserved — Faculty of Law, Cairo University